000 00625cam a2200217 a 4500
001 3770306
005 20180122072702.0
008 840705s1985 nyua b 001 0 eng
010 _a 83048800
020 _a0060153059 :
_c$19.95
040 _aDLC
_cDLC
_dDLC
041 _aeng
080 _a658.42 GIF
082 0 0 _a658.42 GIF
_219
100 1 _a58
101 _aBUS
245 1 0 _aIntrapreneuring :
_cGifford Pinchot, III.
504 _aBibliography: p. 352-354.
906 _a7
_bcbc
_corignew
_d1
_eocip
_f19
_gy-gencatlg
942 _2ddc
_cBK
999 _c40661
_d40661